Function theory of several complex variables /
Guardado en:
| Autor Principal: | |
|---|---|
| Formato: | Libro |
| Idioma: | English |
| Publicado: |
New York :
Wiley,
1982.
|
| Series: | Pure and applied mathematics (John Wiley & Sons)
|
| Materias: | |
| Etiquetas: |
Agregar Etiqueta
Sin Etiquetas, Sea el primero en etiquetar este registro!
|
| LEADER | 00845cam a2200241 a 4500 | ||
|---|---|---|---|
| 001 | MAT.inmabb003266 | ||
| 008 | 810528s1982####nyua#####b####001#0#eng## | ||
| 005 | 20130323063429.0 | ||
| 245 | 1 | 0 | |a Function theory of several complex variables / |c Steven G. Krantz. |
| 260 | |a New York : |b Wiley, |c 1982. | ||
| 300 | |a xiii, 437 p. : |b il. ; |c 24 cm. | ||
| 490 | 1 | |a Pure and applied mathematics, |x 0079-8185 | |
| 500 | |a "A Wiley-Interscience publication." | ||
| 504 | |a Bibliografía: p. 419-429. | ||
| 510 | 4 | |a MR, |c 84c:32001 | |
| 020 | |a 0471093246 | ||
| 100 | 1 | |a Krantz, Steven G. |q (Steven George), |d 1951- | |
| 830 | 0 | |a Pure and applied mathematics (John Wiley & Sons) | |
| 650 | 0 | |a Functions of several complex variables. | |
| 084 | |a 32-01 (31-01 35N15) |2 MR | ||
| 010 | |a 81010447 | ||
| 040 | |a DLC |c DLC |d DLC | ||
| 859 | |h 32 |i K89 |p A-6468 |b BIB. MATEMATICA | ||
